000 00758cam a22002294a 4500
001 14649933
005 20180220071715.0
008 061129s2008 njua b 001 0 eng
010 _a 2006039677
020 _a0132412551
040 _aDLC
_cDLC
_dDLC
041 _aeng
080 _a808/.0666 bri
082 0 0 _a808/.0666 bri
_222
100 1 _a48
101 _aedu
245 1 0 _aTechnical writing basics :
_cBrian R. Holloway.
504 _aIncludes bibliographical references (p. 201-202) and index.
906 _a7
_bcbc
_corignew
_d1
_eecip
_f20
_gy-gencatlg
942 _2ddc
_cBK
999 _c42917
_d42917